Diccionario de dudas y dificultades de la lengua española

সংরক্ষণ করুন:
গ্রন্থ-পঞ্জীর বিবরন
প্রধান লেখক: Seco, Manuel (Author)
বিন্যাস: গ্রন্থ
ভাষা:স্প্যানিশ
প্রকাশিত: Madrid Aguilar 1980
সংস্করন:8a. ed
মালা:Colección Obras de Consulta
বিষয়গুলি:
ট্যাগগুলো: ট্যাগ যুক্ত করুন
কোনো ট্যাগ নেই, প্রথমজন হিসাবে ট্যাগ করুন!

MARC

LEADER 00000nam a2200000 a 4500
001 UCZ7797
003 CL-VaPUC
008 960112e19800000SP |||||||||||||||||spa|d
082 0 4 |a 463  |b SEC  |2 21 
100 0 |a Seco, Manuel  |e author  |9 352778 
245 1 0 |a Diccionario de dudas y dificultades de la lengua española 
250 |a 8a. ed 
300 |a 533 p 
942 |c BK 
945 |d 19960112 00:00:00  |a rleighto 
260 |a Madrid  |b Aguilar  |c 1980 
650 0 |a Español  |9 255372 
650 0 |a Diccionarios  |9 256200 
583 |a last modification  |c 19960112 00:00:00  |k Rodrigo Vera 
490 0 |a Colección Obras de Consulta 
999 |c 243795  |d 243793 
952 |0 0  |1 0  |4 0  |6 463_000000000000000_SEC_1980  |7 0  |8 F  |9 257596  |a BIBEDU  |b BIBEDU  |d 2019-11-19  |i 3165140  |o 463 SEC 1980  |p 3165140  |r 2023-01-13  |w 2019-11-19  |y BK_F  |k LIT 
952 |0 0  |1 0  |4 0  |6 463_000000000000000_SEC_1980  |7 0  |8 F  |9 257597  |a BIBEDU  |b BIBEDU  |d 2019-11-19  |i 3171558  |l 1  |o 463 SEC 1980  |p 3171558  |r 2024-10-08  |s 2024-10-08  |w 2019-11-19  |y BK_F  |k LIT